Dachverbandskürzel und ihre vollen Namen - Statistics

General Stats
  • This quiz has been taken 2 times
  • The average score is 13 of 15
Answer Stats
Dachverbandskürzel Answer % Correct
ATB Akademischer Turnbund
100%
ADB Allgemeine Deutsche Burschenschaft
100%
CV Cartellverband
100%
CC Coburger Convent
100%
DB Deutsche Burschenschaft
100%
DS Deutsche Sängerschaft
100%
KV Kartellverband
100%
KSCV Kösener-Senioren-Convents-Verband
100%
NDB Neue Deutsche Burschenschaft
100%
WSC Weinheimer-Senioren-Convent
100%
WB Wingolfsbund
100%
SV Sondershäuser Verband
50%
SK Süddeutsches Kartell
50%
VVDST Verband der Vereine deutscher Studenten
50%
MK Maburger Konvent
0%
No matching quizzes found
Score Distribution
Percent of People with Each Score
Percentile by Number Answered
Your Score History
You have not taken this quiz